Animal Varieties #2 - Statistics

General Stats
  • This quiz has been taken 66,772 times
    57,984 since last reset
  • The average score is 13 of 20
Answer Stats
Varieties Animal % Correct
Bumble, Honey, Killer Bee
100%
Bengal, Siberian, Sumatran Tiger
96%
Black Widow, Daddy Long Leg, Tarantula Spider
95%
Garter, Coral, Rattle Snake
90%
Bull, Tree, Poison Dart Frog
89%
Nurse, Whale, Tiger Shark
89%
Arabian, Draft, Thoroughbred Horse
80%
Mallard, Mandarin, Wood Duck
78%
Barn, Great Horned, Screech Owl
78%
Nile, Saltwater, American Crocodile
74%
White-tailed, Mule, Red Deer
71%
Peregrine, Gyr, Prairie Falcon
64%
Norway, Roof, Mole Rat
56%
Sea, Striped, Largemouth Bass
54%
Impala, Eland, Dik-dik Antelope
44%
Elephant, Monk, Hooded Seal
43%
Trumpeter, Mute, Black Swan
39%
Giant, Vampire, Humboldt Squid
24%
Atlantic, Ling, Potato Cod
20%
Nine-Banded, Pink Fairy, Screaming Hairy Armadillo
18%
No matching quizzes found
Score Distribution
Percent of People with Each Score
Percentile by Number Answered
Your Score History
You have not taken this quiz since the last reset